Využitie ekologicky prijateľných rozpúšťadiel pre extrakciu látok zo zložitých vzoriek
Saved in:
| Main Author: | |
|---|---|
| Other Authors: | |
| Format: | Manuscript Book |
| Language: | Slovak |
| Published: |
2022
|
| Subjects: | |
| Online Access: | http://is.stuba.sk/zp/portal_zp.pl?podrobnosti=156988 |
| Tags: |
No Tags, Be the first to tag this record!
|
MARC
| LEADER | 00000ntm a22000003a 4500 | ||
|---|---|---|---|
| 001 | stuzp90140 | ||
| 003 | SK-STU | ||
| 005 | 20220625211607.0 | ||
| 007 | ta | ||
| 008 | 150427s2015----xo-----f-mn---000-0-slo-d | ||
| 040 | |a STU |b slo | ||
| 041 | 0 | |a slo | |
| 100 | 1 | |a Lišková, Petra |u 041000 |4 aut |U FCHPT Fakulta chemickej a potravinárskej technológie |T FCHPT Ústav analytickej chémie |X 104726 |U C1000 |Y 99 |7 104726 | |
| 242 | 0 | 1 | |a Use of environmentally friendly solvents for the extraction of substances from complex samples |y eng |
| 245 | 1 | 0 | |a Využitie ekologicky prijateľných rozpúšťadiel pre extrakciu látok zo zložitých vzoriek |
| 260 | |c 2022 | ||
| 650 | 4 | |a extrakcia podporená mikrovlnným žiarením |2 slo | |
| 650 | 4 | |a extrakčné rozpúšťadlo |2 slo | |
| 650 | 4 | |a kumarín |2 slo | |
| 650 | 4 | |a HPLC |2 slo | |
| 650 | 4 | |a potravinové vzorky |2 slo | |
| 650 | 4 | |a microwave-assisted extraction |2 eng | |
| 650 | 4 | |a extraction solvent |2 eng | |
| 650 | 4 | |a HPLC |2 eng | |
| 650 | 4 | |a food samples |2 eng | |
| 650 | 4 | |a coumarin |2 eng | |
| 700 | 1 | |a Hroboňová, Katarína |u 041000 |k Z1 |4 ths |U FCHPT Fakulta chemickej a potravinárskej technológie |T FCHPT Ústav analytickej chémie |X 3931 |U C1000 |Y 99 |7 A000003931 | |
| 856 | 4 | |u http://is.stuba.sk/zp/portal_zp.pl?podrobnosti=156988 | |